000 01691nam a2200313 a 4500
001 000000719
003 DO-SdBNP
005 20221115073746.0
008 090429s1973 dr a 000 0 spa d
040 _aBMPSU
_bspa
_cBPMSU
092 _a079.97293
_bR696i, 1973
_e22
100 1 _aRodríguez Demorizi, Emilio,
_d1904-1986
245 1 3 _aLa imprenta y los primeros periódicos de Santo Domingo /
_cEmilio Rodríguez Demorizi ; presentación Anaiboni Guerrero Báez.
250 _a3a ed.
260 _aSanto Domingo :
_bTaller,
_c1973.
300 _a255 p. :
_bil. ;
_c21 cm.
490 0 _aBiblioteca Nacional
_v1
500 _aA la cabeza de la portada: Feria del Libro 1973.
500 _aIncluye índice de nombres y de materias.
505 0 _tIntroducción de la imprenta --
_tImpresos dominicanos más antiguos --
_tEl impresor Blocquerst --
_tBoletín de Santo Domingo, 1807 --
_tComienzos de la libertad de imprenta en Santo Domingo --
_tEl Telégrafo Constitucional de Santo Domingo --
_tEl Duende --
_gEl Telégrafo Constitucional de Santo Domingo --
_tEdiciones, 1821 --
_gEl duende --
_tEdiciones, 1821 --
_gApéndices --
_tNovena de la Altagracia --
_tCircular sobre libertad de imprenta, 1810 --
_tN. Ureña, historia de El Duende --
_tÍndice de nombres y materias.
533 _aReproducción de:
_bCiudad Trujillo, República Dominicana :
_cImprenta San Francisco,
_d1944
590 _6Inventariado, 2022/VM
650 4 _aImprenta
_zRepública Dominicana
_xHistoria
650 4 _aPrensa
_zRepública Dominicana
_xHistoria
650 4 _aDiarios dominicanos
_xHistoria
700 1 _aGuerrero Báez, Anaiboni
910 _aVMateo V./Validado. Control de calidad BNPHU
942 _2ddc
_cBK
999 _c8015
_d8015